កំណែ-សំនួរ-លំហាត់ គណិតវិទ្យា ថ្នាក់ទី១០ / (Record no. 6669)
[ view plain ]
| 000 -LEADER | |
|---|---|
| fixed length control field | 02405nam a22002297a 4500 |
| 001 - CONTROL NUMBER | |
| control field | 6669 |
| 003 - CONTROL NUMBER IDENTIFIER | |
| control field | FISKH |
| 005 - DATE AND TIME OF LATEST TRANSACTION | |
| control field | 20250519165632.0 |
| 008 - FIXED-LENGTH DATA ELEMENTS--GENERAL INFORMATION | |
| fixed length control field | 250519b cb ||||| |||| 00| 0 eng d |
| 040 ## - CATALOGING SOURCE | |
| Original cataloging agency | FISKH |
| Language of cataloging | khr |
| Transcribing agency | FISKH |
| Modifying agency | FISKH |
| 082 ## - DEWEY DECIMAL CLASSIFICATION NUMBER | |
| Classification number | 510 |
| 100 ## - MAIN ENTRY--PERSONAL NAME | |
| Personal name | Somart, Chey |
| 245 ## - TITLE STATEMENT | |
| Title | កំណែ-សំនួរ-លំហាត់ គណិតវិទ្យា ថ្នាក់ទី១០ / |
| Statement of responsibility, etc. | រៀបរៀងដោយ ជៃ សំអាត និង ជ័យ សំអុន |
| 260 ## - PUBLICATION, DISTRIBUTION, ETC. | |
| Place of publication, distribution, etc. | ភ្នំពេញ : |
| Name of publisher, distributor, etc. | តាន់ ពន្លឺក , |
| Date of publication, distribution, etc. | ២០០៨ . |
| 300 ## - PHYSICAL DESCRIPTION | |
| Extent | 382 pages : |
| Other physical details | illustrations ; |
| Dimensions | 15 cm . |
| 520 ## - SUMMARY, ETC. | |
| Summary, etc. | ឯកសារនេះផ្តល់នូវសេចក្ដីសង្ខេបសង្ខេបនៃសំនួរធម្មតា និងចម្លើយរបស់វិចិត្រសាស្ត្រ ថ្នាក់ទី ១០។ វាបង្ហាញពីប្រធានបទសំខាន់ៗដូចជា អាល់ဂេរ៉ា, រូបវិទ្យា, ស្ថិតិ និង ស៊ីនត្រូនូម៉េត្រា តាមរយៈការចាប់អារម្មណ៍ទៅលើចំណេះដឹងសំខាន់ៗ និងវិធីសាស្ត្រដោះស្រាយបញ្ហា។ សេចក្ដីសង្ខេបនេះមានបំណងជួយសិស្សៗពិនិត្យមើលសម្ភារៈសំខាន់ៗបានយ៉ាងមានប្រសិទ្ធភាព និងរៀបចំសម្រាប់ការប្រឡងដោយការយល់ដឹងអំពីលំនាំសំនួរធម្មតា និងចម្លើយត្រឹមត្រូវរបស់ពួកគេ។ |
| 520 ## - SUMMARY, ETC. | |
| Summary, etc. | This document provides a summarized overview of common questions and their solutions for 10th-grade mathematics. It covers key topics such as algebra, geometry, statistics, and trigonometry, highlighting essential concepts and problem-solving techniques. The summary aims to help students review important material efficiently and prepare effectively for exams by understanding typical question patterns and their correct solutions. |
| 650 ## - SUBJECT ADDED ENTRY--TOPICAL TERM | |
| Topical term or geographic name entry element | គណិតវិទ្យា |
| 650 ## - SUBJECT ADDED ENTRY--TOPICAL TERM | |
| Topical term or geographic name entry element | Mathematics |
| 942 ## - ADDED ENTRY ELEMENTS (KOHA) | |
| Source of classification or shelving scheme | Dewey Decimal Classification |
| Koha item type | Khmer Books |
| Suppress in OPAC | No |
| Withdrawn status | Lost status | Source of classification or shelving scheme | Damaged status | Not for loan | Collection | Home library | Current library | Shelving location | Date acquired | Total Checkouts | Full call number | Barcode | Date last seen | Price effective from | Koha item type |
|---|---|---|---|---|---|---|---|---|---|---|---|---|---|---|---|
| Dewey Decimal Classification | Khmer Language Books / សៀវភៅភាសាខ្មែរ | Footprints International School Library Network Toul Tom Poung Campus | Footprints International School Library Network Toul Tom Poung Campus | TTP Secondary Khmer Bookshelves | 05/19/2025 | SOM 510 | FISSE02625 | 05/19/2025 | 05/19/2025 | Khmer Books |
